[Event "Imola op 3rd"]
[Site "Imola"]
[Date "2021.12.08"]
[Round "5"]
[White "Ballista, Massimiliano"]
[Black "Pecci, William"]
[Result "0-1"]
[WhiteElo "1967"]
[BlackElo "1978"]
[PlyCount "68"]
[EventDate "2021.12.06"]
[EventType "swiss"]
[EventRounds "5"]
[EventCountry "ITA"]
[SourceTitle "CBM 205 Extra"]
[Source "ChessBase"]
[SourceDate "2022.01.31"]
[SourceVersion "1"]
[SourceVersionDate "2022.01.31"]
[SourceQuality "1"]

1. e4 e5 2. Nf3 Nc6 3. Bc4 Nf6 4. d3 h6 5. 0-0 d6 6. c3 g5 7. Bxg5 hxg5 8. Nxg5 Be6 9. Nxe6 fxe6 10. Bxe6 Qe7 11. Bf5 Qf7 12. f4 exf4 13. Rxf4 Bh6 14. Rf1 Ke7 15. Nd2 Bxd2 16. Qxd2 Rag8 17. d4 Qh5 18. h3 Qg5 19. Qf2 Rf8 20. e5 Ne8 21. exd6+ Nxd6 22. Qe2+ Kd8 23. Bg4 Re8 24. Qc2 Ne4 25. d5 Qe3+ 26. Kh2 Ne5 27. Bf3 Rxh3+ 28. gxh3 Nxf3+ 29. Rxf3 Qxf3 30. Qg2 Qf4+ 31. Kg1 Rf8 32. Re1 Ng5 33. Kh1 Rh8 34. Rf1 Qe5 0-1

[Event "FIDE World Uni Rapid-F 1st"]
[Site "Tornelo INT"]
[Date "2021.03.21"]
[Round "8"]
[White "Antonov, Andrey P"]
[Black "Ballista, Massimiliano"]
[Result "1/2-1/2"]
[WhiteElo "2137"]
[BlackElo "1957"]
[PlyCount "66"]
[EventDate "2021.03.20"]
[EventType "swiss (rapid)"]
[EventRounds "12"]
[EventCountry "NET"]
[SourceTitle "EXT 2022"]
[Source "ChessBase"]
[SourceDate "2021.10.06"]
[SourceVersion "1"]
[SourceVersionDate "2021.10.06"]
[SourceQuality "1"]

1. e4 e5 2. Nf3 Nc6 3. d4 exd4 4. Bc4 Bc5 5. c3 Nf6 6. cxd4 Bb4+ 7. Bd2 Bxd2+ 8. Nbxd2 d5 9. Bd3 dxe4 10. Nxe4 0-0 11. 0-0 Bg4 12. Nc5 Nxd4 13. Bxh7+ Kxh7 14. Qxd4 Bxf3 15. Qxd8 Raxd8 16. gxf3 Rd2 17. b3 b6 18. Ne4 Nxe4 19. fxe4 Re8 20. f3 f5 21. Rf2 Rxf2 22. Kxf2 fxe4 23. Re1 Kg6 24. fxe4 Kf6 25. Ke3 Rh8 26. Rf1+ Ke5 27. Rf5+ Ke6 28. Rf2 Ke5 29. Rf5+ Ke6 30. Rg5 Rxh2 31. Rxg7 Rxa2 32. Rxc7 Kd6 33. Rc3 Ke5 1/2-1/2

[Event "FIDE World Uni Rapid-F 1st"]
[Site "Tornelo INT"]
[Date "2021.03.21"]
[Round "7"]
[White "Ballista, Massimiliano"]
[Black "Litner, Igor"]
[Result "1-0"]
[WhiteElo "1957"]
[BlackElo "1980"]
[PlyCount "41"]
[EventDate "2021.03.20"]
[EventType "swiss (rapid)"]
[EventRounds "12"]
[EventCountry "NET"]
[SourceTitle "EXT 2022"]
[Source "ChessBase"]
[SourceDate "2021.10.06"]
[SourceVersion "1"]
[SourceVersionDate "2021.10.06"]
[SourceQuality "1"]

1. e4 d6 2. d4 Nf6 3. Nc3 e5 4. Nf3 Nbd7 5. Bc4 Be7 6. 0-0 0-0 7. h3 c6 8. a4 Qc7 9. Be3 b6 10. Nh4 Re8 11. Nf5 Bf8 12. Bd3 a6 13. f4 Bb7 14. fxe5 dxe5 15. Qf3 b5 16. axb5 axb5 17. Rxa8 Bxa8 18. Qg3 g6 19. Nh6+ Bxh6 20. Bxh6 exd4 21. Qxc7 1-0

[Event "FIDE World Uni Rapid-F 1st"]
[Site "Tornelo INT"]
[Date "2021.03.21"]
[Round "9"]
[White "Ballista, Massimiliano"]
[Black "Shamatava, Ana"]
[Result "0-1"]
[WhiteElo "1957"]
[BlackElo "2155"]
[PlyCount "60"]
[EventDate "2021.03.20"]
[EventType "swiss (rapid)"]
[EventRounds "12"]
[EventCountry "NET"]
[SourceTitle "EXT 2022"]
[Source "ChessBase"]
[SourceDate "2021.10.06"]
[SourceVersion "1"]
[SourceVersionDate "2021.10.06"]
[SourceQuality "1"]

1. e4 c5 2. Nf3 Nc6 3. d4 cxd4 4. Nxd4 e5 5. Nb5 d6 6. N1c3 a6 7. Na3 b5 8. Nd5 Nce7 9. c4 Nxd5 10. Qxd5 Be6 11. Qd3 bxc4 12. Nxc4 Rc8 13. Ne3 Nf6 14. Qxa6 Be7 15. Bb5+ Nd7 16. 0-0 0-0 17. Bxd7 Qxd7 18. Qd3 Qb7 19. Nd5 f5 20. Nxe7+ Qxe7 21. f4 Bc4 22. Qd1 Bxf1 23. Qxf1 fxe4 24. f5 Qd7 25. Qe2 Qxf5 26. Be3 d5 27. a4 d4 28. Bf2 e3 29. Bg3 Rc2 30. Qb5 Qe4 0-1

[Event "FIDE World Uni Rapid-F 1st"]
[Site "Tornelo INT"]
[Date "2021.03.20"]
[Round "2"]
[White "Bai, Jinshi"]
[Black "Ballista, Massimiliano"]
[Result "1-0"]
[WhiteElo "2618"]
[BlackElo "1957"]
[PlyCount "59"]
[EventDate "2021.03.20"]
[EventType "swiss (rapid)"]
[EventRounds "12"]
[EventCountry "NET"]
[SourceTitle "EXT 2022"]
[Source "ChessBase"]
[SourceDate "2021.10.06"]
[SourceVersion "1"]
[SourceVersionDate "2021.10.06"]
[SourceQuality "1"]

1. d4 d5 2. c4 e6 3. Nf3 c5 4. cxd5 exd5 5. Nc3 Nc6 6. dxc5 d4 7. Na4 Bxc5 8. Nxc5 Qa5+ 9. Bd2 Qxc5 10. Rc1 Qb6 11. e3 Nf6 12. Bc4 0-0 13. 0-0 Bg4 14. exd4 Rad8 15. Bc3 Nd5 16. h3 Bh5 17. Re1 Rd7 18. g4 Bg6 19. Qb3 Qxb3 20. Bxb3 Nf4 21. Rcd1 Nxh3+ 22. Kf1 Rfd8 23. d5 Ne7 24. Ne5 Rd6 25. Re3 Nf4 26. Bb4 Nfxd5 27. Bxd6 Nxe3+ 28. fxe3 Nc8 29. Bc7 Re8 30. Rd7 1-0

[Event "FIDE World Uni Blitz-B 1st"]
[Site "Tornelo INT"]
[Date "2021.03.13"]
[Round "8.45"]
[White "Nikhilesh, Prabhakar"]
[Black "Ballista, Massimiliano"]
[Result "0-1"]
[WhiteElo "1298"]
[BlackElo "1957"]
[PlyCount "56"]
[EventDate "2021.03.13"]
[EventType "swiss (blitz)"]
[EventRounds "10"]
[EventCountry "NET"]
[SourceTitle "EXT 2022"]
[Source "ChessBase"]
[SourceDate "2021.10.06"]
[SourceVersion "1"]
[SourceVersionDate "2021.10.06"]
[SourceQuality "1"]

1. d4 d5 2. c4 e6 3. Nc3 c5 4. cxd5 exd5 5. Nf3 Nc6 6. Bg5 Be7 7. Bxe7 Ngxe7 8. e3 0-0 9. dxc5 Qa5 10. Rc1 Qxc5 11. Bd3 Qb4 12. 0-0 Qxb2 13. Nxd5 Nxd5 14. Bxh7+ Kxh7 15. Qxd5 Qf6 16. Rc4 Be6 17. Rh4+ Qxh4 18. Qxe6 fxe6 19. Nxh4 Rad8 20. Rb1 Rd2 21. Nf3 Rxa2 22. h3 b6 23. Rc1 Nb4 24. Rc7 Nd5 25. Rc6 e5 26. Nxe5 Rfxf2 27. g4 Nxe3 28. Rc1 Rg2+ 0-1

[Event "Lignano Sabbiadoro op 5th"]
[Site "Lignano Sabbiadoro"]
[Date "2019.07.30"]
[Round "5"]
[White "Migliorini, Matteo"]
[Black "Ballista, Massimiliano"]
[Result "1/2-1/2"]
[WhiteElo "2101"]
[BlackElo "1948"]
[PlyCount "54"]
[EventDate "2019.07.27"]
[EventType "swiss"]
[EventRounds "9"]
[EventCountry "ITA"]
[SourceTitle "CBM 191 Extra"]
[Source "ChessBase"]
[SourceDate "2019.09.30"]
[SourceVersion "1"]
[SourceVersionDate "2019.09.30"]
[SourceQuality "1"]

1. e4 e5 2. Nf3 Nc6 3. Bb5 a6 4. Ba4 Nf6 5. 0-0 Be7 6. d3 b5 7. Bb3 d6 8. a3 0-0 9. Nc3 Na5 10. Ba2 Be6 11. b4 Nc6 12. Nd5 Nd4 13. Nxd4 exd4 14. Nxf6+ Bxf6 15. Bxe6 fxe6 16. Qg4 Qe7 17. Bd2 c5 18. f4 e5 19. f5 c4 20. Rf3 Rac8 21. Rh3 Qf7 22. Qd1 Rc7 23. g4 Qe7 24. a4 cxd3 25. cxd3 Bg5 26. Rf3 Bxd2 27. Qxd2 Rfc8 1/2-1/2

[Event "Lignano Sabbiadoro op 5th"]
[Site "Lignano Sabbiadoro"]
[Date "2019.07.27"]
[Round "1"]
[White "Ballista, Massimiliano"]
[Black "Gromovs, Sergejs"]
[Result "0-1"]
[WhiteElo "1948"]
[BlackElo "2154"]
[PlyCount "36"]
[EventDate "2019.07.27"]
[EventType "swiss"]
[EventRounds "9"]
[EventCountry "ITA"]
[SourceTitle "CBM 191 Extra"]
[Source "ChessBase"]
[SourceDate "2019.09.30"]
[SourceVersion "1"]
[SourceVersionDate "2019.09.30"]
[SourceQuality "1"]

1. e4 d6 2. d4 Nf6 3. Nc3 g6 4. Nf3 Bg7 5. Bc4 Nxe4 6. Nxe4 d5 7. Bd3 dxe4 8. Bxe4 c5 9. c3 cxd4 10. Nxd4 0-0 11. 0-0 a6 12. Be3 Qc7 13. f4 Nd7 14. Bc2 Nf6 15. Bb3 Ng4 16. Bd2 e5 17. fxe5 Bxe5 18. h3 Bxd4+ 0-1

[Event "Barcelona Sants op 20th"]
[Site "Barcelona"]
[Date "2018.08.17"]
[Round "1"]
[White "Neef, Maximilian"]
[Black "Ballista, Massimiliano"]
[Result "1-0"]
[WhiteElo "2463"]
[BlackElo "2087"]
[PlyCount "69"]
[EventDate "2018.08.17"]
[EventType "swiss"]
[EventRounds "10"]
[EventCountry "ESP"]
[SourceTitle "CBM 186 Extra"]
[Source "ChessBase"]
[SourceDate "2018.08.24"]
[SourceVersion "1"]
[SourceVersionDate "2018.08.24"]
[SourceQuality "1"]

1. Nf3 d5 2. g3 Nf6 3. Bg2 e6 4. 0-0 Be7 5. c4 0-0 6. d4 dxc4 7. Qc2 a6 8. a4 Bd7 9. Rd1 Bc6 10. Nc3 Bxf3 11. Bxf3 Nc6 12. Bxc6 bxc6 13. Bg5 Nd5 14. Bxe7 Qxe7 15. Ne4 Qb4 16. Rdc1 Rfb8 17. Ra2 Qf8 18. Qxc4 Rb4 19. Qd3 Rab8 20. Nc5 Rxb2 21. Rxb2 Rxb2 22. Qxa6 Qb8 23. Nd7 Qb7 24. Qxb7 Rxb7 25. Rxc6 Ra7 26. Rc4 f5 27. Nc5 Kf7 28. Rc1 Nb6 29. e3 Ke7 30. Kf1 Ra8 31. Ra1 Ra5 32. Ke2 e5 33. Kd3 exd4 34. exd4 Nd7 35. Re1+ 1-0

[Event "ITA-ch sf 78th"]
[Site "Alessandria"]
[Date "2018.07.26"]
[Round "6"]
[White "Mortola, Alberto"]
[Black "Ballista, Massimiliano"]
[Result "1/2-1/2"]
[WhiteElo "1978"]
[BlackElo "2087"]
[PlyCount "38"]
[EventDate "2018.07.21"]
[EventType "swiss"]
[EventRounds "9"]
[EventCountry "ITA"]
[SourceTitle "EXT 2024"]
[Source "ChessBase"]
[SourceDate "2023.10.10"]
[SourceVersion "1"]
[SourceVersionDate "2023.10.10"]
[SourceQuality "1"]

1. c4 e6 2. d4 d5 3. Nc3 c5 4. e3 Nf6 5. Nf3 Be7 6. Be2 0-0 7. 0-0 dxc4 8. Bxc4 a6 9. dxc5 Qc7 10. b4 b6 11. Bb2 bxc5 12. bxc5 Qxc5 13. Be2 Rd8 14. Qc1 Bb7 15. Rd1 Nc6 16. Rb1 Rxd1+ 17. Qxd1 Rd8 18. Qa4 h6 19. Ba1 Qa7 1/2-1/2

[Event "ITA-ch sf 78th"]
[Site "Alessandria"]
[Date "2018.07.24"]
[Round "4"]
[White "Ubezio, Marco"]
[Black "Ballista, Massimiliano"]
[Result "1/2-1/2"]
[WhiteElo "2138"]
[BlackElo "2087"]
[PlyCount "51"]
[EventDate "2018.07.21"]
[EventType "swiss"]
[EventRounds "9"]
[EventCountry "ITA"]
[SourceTitle "CBM 186 Extra"]
[Source "ChessBase"]
[SourceDate "2018.08.24"]
[SourceVersion "1"]
[SourceVersionDate "2018.08.24"]
[SourceQuality "1"]

1. d4 d5 2. c4 e6 3. Nc3 c5 4. cxd5 exd5 5. Nf3 Nc6 6. dxc5 d4 7. Na4 Bxc5 8. Nxc5 Qa5+ 9. Qd2 Qxc5 10. a3 Nf6 11. b4 Qd5 12. Bb2 0-0 13. Bxd4 Ne4 14. Qb2 Nxd4 15. Qxd4 Qb3 16. Qd3 Qe6 17. Rd1 Qe7 18. Nd4 Bd7 19. g3 Ba4 20. Bg2 Bxd1 21. Qxe4 Qxe4 22. Bxe4 Rfd8 23. e3 Re8 24. Bxh7+ Kxh7 25. Kxd1 Re5 26. Kd2 1/2-1/2

[Event "Treviso Lega Master op 2nd"]
[Site "Treviso"]
[Date "2018.03.04"]
[Round "4"]
[White "Vizireanu, Dragos"]
[Black "Ballista, Massimiliano"]
[Result "0-1"]
[WhiteElo "1927"]
[BlackElo "2080"]
[PlyCount "100"]
[EventDate "2018.03.02"]
[EventType "swiss"]
[EventRounds "5"]
[EventCountry "ITA"]
[SourceTitle "EXT 2022"]
[Source "ChessBase"]
[SourceDate "2021.10.06"]
[SourceVersion "1"]
[SourceVersionDate "2021.10.06"]
[SourceQuality "1"]

1. c4 e6 2. g3 d5 3. Bg2 Nf6 4. Nf3 Be7 5. 0-0 0-0 6. b3 c5 7. e3 b6 8. Bb2 Bb7 9. Ne5 Nc6 10. d4 Rc8 11. Nd2 Qc7 12. Rc1 Rfd8 13. Qe2 dxc4 14. Nxc6 Bxc6 15. Bxc6 Qxc6 16. Nxc4 cxd4 17. exd4 Qe4 18. Qxe4 Nxe4 19. f3 Nf6 20. Ne3 Kf8 21. Kf2 Bb4 22. Ke2 Ke7 23. Rfd1 g6 24. Rc4 Bd6 25. Rdc1 Rb8 26. Rc6 Kd7 27. b4 Nd5 28. b5 Rbc8 29. Rxc8 Rxc8 30. Rxc8 Kxc8 31. Nxd5 exd5 32. Bc1 Kd7 33. Bg5 Ba3 34. g4 Kc7 35. h4 Kb7 36. f4 a6 37. bxa6+ Kxa6 38. f5 b5 39. Kf3 Ka5 40. Kf4 Bd6+ 41. Kf3 Kb4 42. Bc1 Kc3 43. Ke3 Kc2 44. Bd2 Kb2 45. Kd3 Kxa2 46. Kc2 b4 47. Bc1 b3+ 48. Kc3 Ba3 49. fxg6 fxg6 50. Bd2 b2 0-1

[Event "Cesenatico op-A 20th"]
[Site "Cesenatico"]
[Date "2016.09.10"]
[Round "8"]
[White "Ballista, Massimiliano"]
[Black "Schaefer, Michael"]
[Result "1/2-1/2"]
[WhiteElo "1995"]
[BlackElo "2137"]
[PlyCount "66"]
[EventDate "2016.09.03"]
[EventType "swiss"]
[EventRounds "9"]
[EventCountry "ITA"]
[SourceTitle "EXT 2024"]
[Source "ChessBase"]
[SourceDate "2023.10.10"]
[SourceVersion "1"]
[SourceVersionDate "2023.10.10"]
[SourceQuality "1"]

1. e4 c5 2. Nf3 g6 3. d4 cxd4 4. Nxd4 Bg7 5. Nc3 Nc6 6. Be3 Nf6 7. Be2 0-0 8. 0-0 d5 9. exd5 Nxd5 10. Nxd5 Nxd4 11. Bxd4 Qxd5 12. Bxg7 Qxd1 13. Raxd1 Kxg7 14. Bf3 Bf5 15. c3 Rac8 16. Rfe1 Rc7 17. h3 b5 18. Rd2 Rb8 19. a3 Kf6 20. Red1 a5 21. Rd8 Rb6 22. g4 Be6 23. Rh8 b4 24. axb4 axb4 25. cxb4 Rxb4 26. Rd2 h6 27. Rxh6 Kg7 28. g5 Rb5 29. h4 f6 30. Be4 Bf5 31. Bxf5 Rxf5 32. Kf1 Rc4 33. h5 gxh5 1/2-1/2

[Event "Lignano Sabbiadoro op 1st"]
[Site "Lignano Sabbiadoro"]
[Date "2015.08.05"]
[Round "6.12"]
[White "Franceschi, Riccardo"]
[Black "Ballista, Massimiliano"]
[Result "1-0"]
[WhiteElo "2054"]
[BlackElo "2002"]
[PlyCount "25"]
[EventDate "2015.08.01"]
[EventType "swiss"]
[EventRounds "9"]
[EventCountry "ITA"]
[SourceTitle "EXT 2024"]
[Source "ChessBase"]
[SourceDate "2023.10.10"]
[SourceVersion "1"]
[SourceVersionDate "2023.10.10"]
[SourceQuality "1"]

1. e4 e5 2. Bc4 Nf6 3. d4 exd4 4. Nf3 Nc6 5. 0-0 Bc5 6. e5 d5 7. exf6 dxc4 8. fxg7 Rg8 9. Re1+ Be6 10. Bg5 Qd5 11. Nc3 Qf5 12. Ne4 Rxg7 13. Nh4 1-0

[Event "Lignano Sabbiadoro op 1st"]
[Site "Lignano Sabbiadoro"]
[Date "2015.08.01"]
[Round "1.5"]
[White "Ballista, Massimiliano"]
[Black "Lodici, Lorenzo"]
[Result "0-1"]
[WhiteElo "2002"]
[BlackElo "2348"]
[PlyCount "64"]
[EventDate "2015.08.01"]
[EventType "swiss"]
[EventRounds "9"]
[EventCountry "ITA"]
[SourceTitle "EXT 2024"]
[Source "ChessBase"]
[SourceDate "2023.10.10"]
[SourceVersion "1"]
[SourceVersionDate "2023.10.10"]
[SourceQuality "1"]

1. e4 c5 2. Nf3 Nc6 3. d4 cxd4 4. Nxd4 e5 5. Nb5 d6 6. N1c3 a6 7. Na3 b5 8. Nd5 Nge7 9. c4 Nd4 10. Nc2 Nxd5 11. cxd5 Bg4 12. Qd2 Nxc2+ 13. Qxc2 Be7 14. Be2 Bd7 15. 0-0 0-0 16. f4 Qb6+ 17. Kh1 Rac8 18. Qd3 exf4 19. Bxf4 Bf6 20. Rab1 Rfe8 21. Qg3 Be5 22. Qf3 f6 23. b3 Rc3 24. Qh5 Bxf4 25. Rxf4 Qe3 26. Rbf1 Rxe4 27. Rxe4 Qxe4 28. Bf3 Qe3 29. h3 Rc1 30. Rxc1 Qxc1+ 31. Kh2 Qf4+ 32. Kh1 g6 0-1

[Event "Giovanni Pico Cup 7th"]
[Site "Mirandola"]
[Date "2014.01.12"]
[Round "4"]
[White "Solinas, Roberto"]
[Black "Ballista, Massimiliano"]
[Result "0-1"]
[WhiteElo "1725"]
[BlackElo "1800"]
[PlyCount "80"]
[EventDate "2014.01.10"]
[EventType "swiss"]
[EventRounds "5"]
[EventCountry "ITA"]
[SourceTitle "EXT 2015"]
[Source "ChessBase"]
[SourceDate "2014.11.20"]
[SourceVersion "1"]
[SourceVersionDate "2014.11.20"]
[SourceQuality "1"]

1. e4 e5 2. Nf3 Nc6 3. Bb5 a6 4. Ba4 Nf6 5. Qe2 Be7 6. c3 b5 7. Bb3 d6 8. 0-0 0-0 9. Rd1 Bg4 10. d4 Re8 11. d5 Nb8 12. Nbd2 Nbd7 13. h3 Bxf3 14. Qxf3 g6 15. Nf1 Nh5 16. g4 Ng7 17. Bh6 Bg5 18. Bxg5 Qxg5 19. Qg3 Nf6 20. Bc2 h5 21. gxh5 Qxh5 22. Ne3 Qh7 23. Ng4 Ngh5 24. Nxf6+ Nxf6 25. Kh2 Nh5 26. Qh4 Kg7 27. Rg1 Rh8 28. Rg4 Qg8 29. Qe7 Nf4 30. Rg3 Qh7 31. Qd7 Qh4 32. Rh1 Nxh3 33. Qxh3 Qf4 34. Kg2 Rxh3 35. Rgxh3 Qd2 36. Bd1 Qxb2 37. Bb3 a5 38. Rh7+ Kf6 39. R1h3 Rf8 40. Rf3+ Ke7 0-1

[Event "Giovanni Pico Cup 7th"]
[Site "Mirandola"]
[Date "2014.01.10"]
[Round "1"]
[White "Biccari, Alessandro"]
[Black "Ballista, Massimiliano"]
[Result "1/2-1/2"]
[WhiteElo "1509"]
[BlackElo "1800"]
[PlyCount "55"]
[EventDate "2014.01.10"]
[EventType "swiss"]
[EventRounds "5"]
[EventCountry "ITA"]
[SourceTitle "EXT 2015"]
[Source "ChessBase"]
[SourceDate "2014.11.20"]
[SourceVersion "1"]
[SourceVersionDate "2014.11.20"]
[SourceQuality "1"]

1. e4 e5 2. Nf3 Nc6 3. Bc4 Bc5 4. c3 Nf6 5. d4 exd4 6. cxd4 Bb4+ 7. Bd2 Bxd2+ 8. Nbxd2 d5 9. exd5 Nxd5 10. Qb3 Be6 11. Qxb7 Ndb4 12. Bb5 0-0 13. Bxc6 Rb8 14. Qxa7 Nxc6 15. Qc5 Nb4 16. 0-0 Nxa2 17. b3 Nb4 18. Ra7 c6 19. Ne5 Rb5 20. Nxc6 Nxc6 21. Qxc6 Rg5 22. Qc3 Bd5 23. f3 Qb6 24. Ra5 Qg6 25. Rf2 Re8 26. Ne4 Rh5 27. Ng3 Rg5 28. Ne4 1/2-1/2

[Event "Modena Province-ch"]
[Site "Modena"]
[Date "2012.12.14"]
[Round "1"]
[White "Ballista, Massimiliano"]
[Black "Setti, Roberto"]
[Result "1-0"]
[WhiteElo "1653"]
[BlackElo "1976"]
[PlyCount "61"]
[EventDate "2012.12.14"]
[EventType "swiss"]
[EventRounds "5"]
[EventCountry "ITA"]
[SourceTitle "EXT 2014"]
[Source "ChessBase"]
[SourceDate "2013.11.20"]
[SourceVersion "1"]
[SourceVersionDate "2013.11.20"]
[SourceQuality "1"]

1. e4 e5 2. Bc4 Nf6 3. d3 Be7 4. Nf3 Nc6 5. c3 0-0 6. 0-0 d5 7. exd5 Nxd5 8. Re1 Bf6 9. Nbd2 a6 10. Ne4 Be7 11. Bb3 Bg4 12. h3 Bh5 13. Ng3 Bxf3 14. Qxf3 Nf6 15. Nf5 Ne8 16. Nxe7+ Qxe7 17. d4 Kh8 18. dxe5 Nxe5 19. Qe2 f6 20. f4 Nf3+ 21. gxf3 Qc5+ 22. Be3 Qh5 23. Kh2 Nd6 24. Qg2 Rfe8 25. Rad1 Re7 26. Bf2 Rae8 27. Rxe7 Rxe7 28. Re1 Rxe1 29. Bxe1 Qf5 30. Qg4 Qb1 31. Qe6 1-0

[Event "Vignola op 11th"]
[Site "Vignola"]
[Date "2012.11.16"]
[Round "1"]
[White "Ballista, Massimiliano"]
[Black "Cocuzzi, Edoardo"]
[Result "0-1"]
[WhiteElo "1640"]
[BlackElo "1958"]
[PlyCount "94"]
[EventDate "2012.11.16"]
[EventType "swiss"]
[EventRounds "5"]
[EventCountry "ITA"]
[SourceTitle "EXT 2014"]
[Source "ChessBase"]
[SourceDate "2013.11.20"]
[SourceVersion "1"]
[SourceVersionDate "2013.11.20"]
[SourceQuality "1"]

1. e4 e5 2. Bc4 Bc5 3. Nf3 d6 4. d3 h6 5. c3 a6 6. Nbd2 Ne7 7. 0-0 0-0 8. Re1 Kh7 9. Ng5+ Kg6 10. Qf3 hxg5 11. Qg3 Ng8 12. Nf3 f6 13. h4 g4 14. h5+ Kh7 15. Nh4 Ne7 16. Be3 Bxe3 17. Rxe3 Qe8 18. Kh2 f5 19. exf5 Nxf5 20. Nxf5 Rxf5 21. Rh1 Rxh5+ 22. Kg1 Rxh1+ 23. Kxh1 Qh5+ 24. Kg1 g5 25. f3 Qh4 26. fxg4 Bxg4 27. Bd5 c6 28. Be4+ Kh6 29. d4 Nd7 30. dxe5 Qxg3 31. Rxg3 Nxe5 32. Kf2 Rf8+ 33. Ke3 Nc4+ 34. Kd4 Rf4 35. Kxc4 Rxe4+ 36. Kd3 d5 37. b3 Bf5 38. Kd2 b6 39. Rf3 Kg6 40. Rf2 c5 41. Rf3 Rg4 42. g3 Re4 43. Rd3 d4 44. Rf3 Bg4 45. Rf8 Re2+ 46. Kd3 Re3+ 47. Kc4 Be6# 0-1

[Event "Lugano New op 5th"]
[Site "Lugano"]
[Date "2011.04.23"]
[Round "2"]
[White "Ballista, Massimiliano"]
[Black "Maffioli, Massimo"]
[Result "1/2-1/2"]
[WhiteElo "1620"]
[BlackElo "1861"]
[PlyCount "63"]
[EventDate "2011.04.22"]
[EventType "swiss"]
[EventRounds "6"]
[EventCountry "SUI"]
[SourceTitle "CBM 142 Extra"]
[Source "ChessBase"]
[SourceDate "2011.06.27"]
[SourceVersion "1"]
[SourceVersionDate "2011.06.27"]
[SourceQuality "1"]

1. e4 e5 2. Bc4 Nf6 3. d3 Bc5 4. Nf3 d6 5. c3 Bg4 6. 0-0 Nc6 7. Nbd2 0-0 8. Re1 a6 9. Bb3 b5 10. Nf1 Bb6 11. a3 Na5 12. Ba2 c5 13. h3 Be6 14. Ng3 Qd7 15. Bg5 Bxa2 16. Rxa2 Qe6 17. Ra1 Nc6 18. Nh4 Bd8 19. Nhf5 Nxe4 20. Nxg7 Kxg7 21. Nxe4 f5 22. Bxd8 fxe4 23. Bh4 exd3 24. Qxd3 Ne7 25. Bxe7 Qxe7 26. Re2 Rf6 27. Rae1 Raf8 28. f3 Rg6 29. Qe4 Qd7 30. Kh1 Rf4 31. Qxf4 exf4 32. Re7+ 1/2-1/2

[Event "Lugano New op 5th"]
[Site "Lugano"]
[Date "2011.04.22"]
[Round "1"]
[White "Patuzzo, Fabrizio"]
[Black "Ballista, Massimiliano"]
[Result "1-0"]
[WhiteElo "2241"]
[BlackElo "1620"]
[PlyCount "57"]
[EventDate "2011.04.22"]
[EventType "swiss"]
[EventRounds "6"]
[EventCountry "SUI"]
[SourceTitle "CBM 142 Extra"]
[Source "ChessBase"]
[SourceDate "2011.06.27"]
[SourceVersion "1"]
[SourceVersionDate "2011.06.27"]
[SourceQuality "1"]

1. c4 c6 2. Nf3 Nf6 3. Nc3 d5 4. e3 Bg4 5. Qb3 Bxf3 6. Qxb7 Nbd7 7. gxf3 Qc8 8. Qxc8+ Rxc8 9. d4 e6 10. Bd2 Bb4 11. a3 Ba5 12. b4 Bc7 13. c5 0-0 14. Ba6 Rb8 15. b5 cxb5 16. Nxb5 Bd8 17. c6 Rb6 18. c7 Bxc7 19. Nxc7 Ne8 20. Bb5 Nef6 21. Ba5 Rb7 22. Rc1 Nb8 23. Kd2 h6 24. Rc2 Rc8 25. Ba4 Nbd7 26. Rhc1 e5 27. Nxd5 Rxc2+ 28. Rxc2 Nxd5 29. Bc6 1-0

[Event "Modena Province-ch 11"]
[Site "Modena"]
[Date "2010.12.11"]
[Round "4"]
[White "Ballista, Massimiliano"]
[Black "Verrelli, Adriano"]
[Result "0-1"]
[WhiteElo "1613"]
[BlackElo "1911"]
[PlyCount "118"]
[EventDate "2010.12.10"]
[EventType "swiss"]
[EventRounds "5"]
[EventCountry "ITA"]
[SourceTitle "EXT 2024"]
[Source "ChessBase"]
[SourceDate "2023.10.10"]
[SourceVersion "1"]
[SourceVersionDate "2023.10.10"]
[SourceQuality "1"]

1. e4 c6 2. d4 d5 3. exd5 cxd5 4. Bd3 Nc6 5. c3 Nf6 6. Nf3 Bg4 7. h3 Bh5 8. Bf4 e6 9. Nbd2 Bd6 10. Bxd6 Qxd6 11. 0-0 0-0 12. Re1 Rfe8 13. Qc2 Rac8 14. a3 Qf4 15. Rac1 Rc7 16. Qd1 Rec8 17. Qe2 Nxd4 18. Qe3 Qxe3 19. Rxe3 Nxf3+ 20. Nxf3 Nd7 21. Rce1 Bxf3 22. Rxf3 e5 23. Bb1 e4 24. Rf5 Nf6 25. Rd1 Rd8 26. Re5 Rcd7 27. g4 h6 28. Ba2 Kf8 29. Kg2 d4 30. cxd4 Rxd4 31. Re1 Re8 32. Rxe8+ Kxe8 33. f3 Rd2+ 34. Kg3 Rxb2 35. Bc4 Rc2 36. Bd3 Rc3 37. Bxe4 Nxe4+ 38. Rxe4+ Kd7 39. Rb4 Kc6 40. a4 a6 41. Kf4 b5 42. axb5+ axb5 43. Rb1 Kc5 44. Ke4 b4 45. h4 b3 46. f4 Kc4 47. g5 hxg5 48. fxg5 Rh3 49. Rc1+ Kb4 50. Rc7 Rxh4+ 51. Ke5 f6+ 52. gxf6 gxf6+ 53. Kxf6 b2 54. Ke5 Ka3 55. Ra7+ Ra4 56. Rb7 Rb4 57. Ra7+ Kb3 58. Rh7 b1Q 59. Rh3+ Ka4 0-1

[Event "Modena Province-ch 11"]
[Site "Modena"]
[Date "2010.12.10"]
[Round "1"]
[White "Ballista, Massimiliano"]
[Black "Di Trapani, Davide"]
[Result "0-1"]
[WhiteElo "1613"]
[BlackElo "2000"]
[PlyCount "66"]
[EventDate "2010.12.10"]
[EventType "swiss"]
[EventRounds "5"]
[EventCountry "ITA"]
[SourceTitle "EXT 2024"]
[Source "ChessBase"]
[SourceDate "2023.10.10"]
[SourceVersion "1"]
[SourceVersionDate "2023.10.10"]
[SourceQuality "1"]

1. e4 e5 2. Nf3 Nc6 3. Bc4 Bc5 4. d3 Nf6 5. c3 0-0 6. 0-0 d5 7. exd5 Nxd5 8. Re1 Bg4 9. Bb3 Nf6 10. Bc2 Bd6 11. Nbd2 Qd7 12. Nc4 Rae8 13. h3 Bh5 14. Bg5 Qd8 15. Ne3 h6 16. Bh4 g5 17. Bg3 Nd7 18. Bh2 f5 19. g4 fxg4 20. Nxg4 Bxg4 21. hxg4 Qf6 22. Kg2 e4 23. dxe4 Nde5 24. Nxe5 Qxf2+ 25. Kh1 Bxe5 26. Bxe5 Nxe5 27. Rf1 Qh4+ 28. Kg1 Qg3+ 29. Kh1 Qh3+ 30. Kg1 Nf3+ 31. Rxf3 Rxf3 32. Qd5+ Kf8 33. Bb3 Qxg4+ 0-1